| 000 | 00766cam a22002891 4500 | ||
|---|---|---|---|
| 999 |
_c173324 _d173324 |
||
| 001 | 7912985 | ||
| 003 | Nust | ||
| 005 | 20180723054944.0 | ||
| 008 | 751024s1953 nyu 000 1 eng | ||
| 010 | _a 53008031 | ||
| 020 |
_a8129111748 _cRs. 122 |
||
| 020 | _a9788129111746 (pbk) | ||
| 035 | _a(OCoLC)1732568 | ||
| 038 | _aArshad | ||
| 040 |
_aDLC _cFJ _dDLC |
||
| 042 | _apremarc | ||
| 050 | 0 | 0 |
_aPZ4.A177 _bGo |
| 082 |
_a823.91 _bCAR |
||
| 100 | 1 |
_aAcheson, Margaret A., _d1890- _911928 |
|
| 245 | 1 | 4 |
_aThe golden illusion. _cby Barbara Cartland |
| 250 | _a[1st ed.] | ||
| 260 |
_aNew York, _bPageant Press _c1953 |
||
| 300 |
_a151 p. _c21 cm. |
||
| 650 |
_aFiction _93172 |
||
| 906 |
_a7 _bcbc _coclcrpl _du _encip _f19 _gy-gencatlg |
||
| 942 |
_2ddc _cBK |
||